The Nights - Avicii Lyrics - Statistics

General Stats
  • This quiz has been taken 78 times
    74 since last reset
  • The average score is 178 of 253
Answer Stats
Lyrics % Correct
a
100%
you
98%
I
97%
me
97%
my
97%
My
97%
The
97%
the
97%
to
97%
When
97%
"When
97%
when
97%
father,
95%
father
95%
told
95%
day,
88%
live
88%
One
88%
"One
88%
So
88%
will
88%
he
86%
He
86%
nights
86%
remember"
86%
was
86%
are
84%
are"
84%
child
84%
life
84%
never
83%
said,
83%
"These
83%
just
81%
this
81%
that
79%
die"
78%
don't
74%
Don't
74%
behind
72%
leave
72%
world
72%
you'll
71%
get
69%
older
69%
Once
69%
in
67%
it
67%
let
67%
"Son,
67%
younger
67%
all
66%
away"
66%
Your
66%
your
66%
for
64%
upon
64%
say
62%
we
62%
of
59%
heard
57%
him
57%
out
57%
shadows
57%
slip
57%
year
57%
animals
55%
days
55%
our
55%
play
55%
came
52%
disappeared
48%
face
48%
his
48%
took
48%
arms,
47%
fears
47%
Think
47%
where
47%
you're
47%
inside
45%
wild
45%
with
45%
"Go
43%
afraid"
40%
lessons
40%
tears
40%
through
38%
heart
36%
kid
36%
Learned
36%
Made
36%
memories
36%
ever
34%
fade
33%
if
33%
would
33%
know
31%
can't
29%
no
29%
Went
29%
yours
28%
forsake
24%
put
24%
shores
24%
they
24%
venture
24%
down
22%
home
22%
I'll
22%
Light
22%
matter
22%
beyond
21%
fire
21%
stars"
19%
those
19%
Carve
16%
guide
16%
into
16%
name
16%
pouring
16%
start
16%
shining
14%
thunderclouds
14%
hearts
10%
No matching quizzes found
Score Distribution
Percent of People with Each Score
Percentile by Number Answered
Your Score History
You have not taken this quiz since the last reset